Sanat - "Kohtalon oma" - Chisu - Statistics

Yleistilastot
  • Tätä visaa on pelattu 266 kertaa
  • Keskiarvotulos 133 / 179
Vastaustilastot
Sanat % Oikein
ja
98%
Ja
98%
kohtalo,
97%
en,
95%
en
95%
jo
95%
95%
95%
oon
95%
se
94%
mu
92%
92%
Hei
91%
iso
91%
sun
91%
et
90%
on
90%
sen,
90%
tyttö
90%
ettet
85%
mua
85%
mua,
85%
mun
85%
tai
85%
päätän
84%
peukalon
84%
saa
84%
enää
82%
voi
82%
etusormen
81%
kenen
80%
sil
80%
ei
79%
siit
79%
katkon
77%
säälisin,
77%
Sit
77%
vuoro
77%
liftata
76%
mitään
76%
nimetöntä
76%
perään
76%
sillä
76%
keskarin,
73%
fiksua
70%
töki
70%
teekään
69%
häpäise
68%
Tää
68%
tää
68%
ku
67%
kii
64%
sua
64%
mut
63%
Mut
63%
murran
62%
keino
60%
oma
60%
tahto
60%
käsinojiin
59%
viimeinen
58%
kun
57%
oot
57%
Otan
57%
paeta
57%
ainoa
56%
mul
54%
ranteista
54%
sidon
54%
vaan
54%
nainen
53%
huolissas
51%
pikkurilliäs
51%
tahtois
51%
siin
50%
Tätä
50%
tuolissas
49%
vie,
49%
antaudun,
43%
ehkä
43%
nyt
43%
vielä
43%
kietoudun
42%
kiltimmäks
42%
Muistan
42%
teen
42%
toivon
42%
tuntenu
42%
muutut
41%
palaan
41%
ees
40%
päätöksen,
40%
moikkasit
39%
salaa
39%
siihen
39%
mielessä
38%
Nään
36%
vaikken
36%
teit
35%
vangiks
35%
selväks
34%
kuule
33%
veit
33%
varmistaa,
30%
tahtos
27%
Jos
22%
Ehtoja vastaavia visoja ei löytynyt
Tulosjakauma
Jokaisen tuloksen saaneiden osuus
Persentiili vastausten määrän mukaan
Tuloshistoriasi
Et ole pelannut tätä visaa